Word finder (Record no. 24505)

MARC details
000 -LEADER
fixed length control field 00255nam a2200109Ia 4500
082 ## - DEWEY DECIMAL CLASSIFICATION NUMBER
Classification number 801.314
Item number ROD
245 #0 - TITLE STATEMENT
Title Word finder
260 ## - PUBLICATION, DISTRIBUTION, ETC. (IMPRINT)
Place of publication Pennsylvania
Name of publisher Rodale
Year of publication 1976
700 ## - ADDED ENTRY--PERSONAL NAME
Personal name Rodale, J L
942 ## - ADDED ENTRY ELEMENTS (KOHA)
Koha item type Books
Holdings
Withdrawn status Lost status Damaged status Not for loan Home library Current library Date acquired Cost, normal purchase price Full call number Accession Number Koha item type
        RRII Library RRII Library 16/12/2021 14.95 801.314 ROD 05186 Books